Tableau des médailles olympiques - Skateboard - Statistiques

Statistiques générales
  • Ce quiz a été pris 114 fois
  • Le résultat moyen est 4 sur 5
Statistiques - réponses
Total Or Argent Bronze Pays % Correct
5 0 2 3 États-Unis
96%
9 5 3 1 Japon
92%
5 0 3 2 Brésil
81%
3 3 0 0 Australie
59%
2 0 0 2 Grande-Bretagne
49%
Aucun quiz correspondant
Distribution des résultats
% des personnes avec chaque résultat
Percentile par nombre de réponses
Votre historique - résultats
Vous n’avez pas pris ce quiz